000
00196 a2200097 4500
020
_a
9780439663816
041
_a
spa
100
_a
Mireille D Allance
245
_a
No No adn No No es no
942
_c
K
999
_c
30661
_d
30659